|
|
|
|
| LEADER |
00000nab a2200000uu 4500 |
| 001 |
vtls011518933 |
| 003 |
SK-MaSNL |
| 005 |
20260303181210.0 |
| 008 |
230704|1970 xo |||||||||||||||||slo| |
| 015 |
|
|
|a SNBRB
|
| 035 |
|
|
|a (urnnbn)urn:nbn:sk:snk:ar-001zer
|
| 035 |
|
|
|a (uuid)b78c9fdd-0ed7-4f95-a488-5be4fd2146aa
|
| 035 |
|
|
|a urn:nbn:sk:snk-abe7rf
|
| 040 |
|
|
|a SNKBUCL
|b slo
|c SNKBUCL
|e AACR2
|
| 041 |
0 |
|
|a slo
|
| 044 |
|
|
|a xo
|c SK
|
| 100 |
1 |
|
|a Kadlečík, Ivan,
|d 1938-2014
|4 aut
|9 158250
|
| 245 |
1 |
0 |
|a Legenda o odplate a hriechu
|b (Ladislav Ťažký: Pivnica plná vlkov)
|c Ivan Kadlečík
|
| 650 |
0 |
7 |
|a slovenské prózy
|2 SNKPH
|9 113495
|
| 655 |
|
7 |
|a recenzie
|2 SNKPH
|9 21907
|
| 773 |
0 |
|
|t Slovenské pohľady
|g Roč. 86, č. 2 (1970), s. 121-123
|
| 787 |
0 |
8 |
|i Recenzia:
|a Ťažký, Ladislav
|t Pivnica plná vlkov
|d Bratislava : Slovenský spisovateľ, 1969
|
| 850 |
|
|
|a Slovenská národná knižnica
|
| 852 |
|
|
|a Slovenská národná knižnica
|
| 958 |
|
|
|a OND
|
| 958 |
|
|
|a EUIPO
|
| 958 |
|
|
|a RC
|
| 958 |
|
|
|a article21
|
| 999 |
|
|
|c 2109917
|d 2111847
|